MARC details
| 000 -CABECERA |
| campo de control de longitud fija |
01454nam a2200313 a 4500 |
| 001 - NÚMERO DE CONTROL |
| campo de control |
000022992 |
| 005 - FECHA Y HORA DE LA ÚLTIMA TRANSACCIÓN |
| campo de control |
20240513194009.0 |
| 008 - DATOS DE LONGITUD FIJA--INFORMACIÓN GENERAL |
| campo de control de longitud fija |
101124s1996 mx a 001 0 spa d |
| 020 ## - NÚMERO INTERNACIONAL ESTÁNDAR DEL LIBRO |
| Número Internacional Estándar del Libro |
968880696x |
| 040 ## - FUENTE DE LA CATALOGACIÓN |
| Centro catalogador/agencia de origen |
DO-SdBNP |
| Lengua de catalogación |
spa |
| Centro/agencia transcriptor |
BNPHU |
| 082 ## - NÚMERO DE LA CLASIFICACIÓN DECIMAL DEWEY |
| Número de clasificación |
005.7406 |
| Número de documento/Ítem |
K93p, 1996 |
| 049 ## - FONDOS LOCALES (OCLC) |
| Fondos de biblioteca |
BNGR |
| 100 1# - ENTRADA PRINCIPAL--NOMBRE DE PERSONA |
| Nombre de persona |
Kroenke, David M. |
| 9 (RLIN) |
47288 |
| 240 10 - TÍTULO UNIFORME |
| Título uniforme |
Database processing, fundamental, desing and implementation. |
| Lenguaje de la obra |
Español. |
| 245 10 - MENCIÓN DE TÍTULO |
| Título |
Procesamiento de bases de datos : |
| Resto del título |
fundamentos, diseño e instrumentación / |
| Mención de responsabilidad, etc. |
David M. Kroenke ; traducción de Miguel Ángel Martínez Sarmiento, Gabriel Sánchez García ; revisión técnica de Raymundo Hugo Rangel Gutiérrez ; editado por Luis Gerardo Cedeño Plascencia. |
| 250 ## - MENCIÓN DE EDICIÓN |
| Mención de edición |
5a ed. |
| 260 ## - PUBLICACIÓN, DISTRIBUCIÓN, ETC. |
| Lugar de publicación, distribución, etc. |
México : |
| Nombre del editor, distribuidor, etc. |
Prentice Hall Hispanoamericana, |
| Fecha de publicación, distribución, etc. |
1996. |
| 300 ## - DESCRIPCIÓN FÍSICA |
| Extensión |
x, 605 p. : |
| Otras características físicas |
il. ; |
| Dimensiones |
25 cm. + |
| Material acompañante/anejo |
Diskette. |
| 500 ## - NOTA GENERAL |
| Nota general |
Incluye índice y glosario. |
| 534 ## - NOTA SOBRE LA VERSIÓN ORIGINAL |
| Frase introductoria |
Traducido de la obra en inglés: |
| Mención de título del original |
Database processing, fundamentals, design and implementation. |
| 650 #4 - PUNTO DE ACCESO ADICIONAL DE MATERIA--TÉRMINO DE MATERIA |
| Término de materia o nombre geográfico como elemento de entrada |
Diseño de bases de datos |
| 9 (RLIN) |
47289 |
| 650 #0 - PUNTO DE ACCESO ADICIONAL DE MATERIA--TÉRMINO DE MATERIA |
| Término de materia o nombre geográfico como elemento de entrada |
Administración de bases de datos |
| 9 (RLIN) |
47290 |
| 650 #4 - PUNTO DE ACCESO ADICIONAL DE MATERIA--TÉRMINO DE MATERIA |
| Término de materia o nombre geográfico como elemento de entrada |
Sistemas de almacenamiento y recuperación de información |
| 9 (RLIN) |
47291 |
| 700 1# - PUNTO DE ACCESO ADICIONAL--NOMBRE DE PERSONA |
| Nombre de persona |
Martínez Sarmiento, Miguel Ángel, |
| Término indicativo de función/relación |
tr. |
| 9 (RLIN) |
47292 |
| 700 1# - PUNTO DE ACCESO ADICIONAL--NOMBRE DE PERSONA |
| Nombre de persona |
Sánchez García, Gabriel, |
| Término indicativo de función/relación |
tr. |
| 9 (RLIN) |
44836 |
| 700 1# - PUNTO DE ACCESO ADICIONAL--NOMBRE DE PERSONA |
| Nombre de persona |
Rangel Gutiérrez, Raymundo Hugo, |
| Término indicativo de función/relación |
rev. |
| 9 (RLIN) |
47293 |
| 700 1# - PUNTO DE ACCESO ADICIONAL--NOMBRE DE PERSONA |
| Nombre de persona |
Cedeño Plascencia, Luis Gerardo, |
| Término indicativo de función/relación |
ed. |
| 9 (RLIN) |
47294 |
| 910 ## - DATOS DE OPCIÓN DEL USUARIO (OCLC) |
| Datos de opción del usuario |
WM |